| 000 | 01303nam0a2200325 4500 | ||
|---|---|---|---|
| 001 | RU\NLR\BIBL_A\012823745 | ||
| 005 | 20250624172356.0 | ||
| 035 | _a(NLR Aleph) 012823745 | ||
| 090 |
_a12329786 _c12329786 |
||
| 100 | _a20220621f20102021|||y0rusy50 ca | ||
| 101 | 0 | _arus | |
| 102 | _aRU | ||
| 105 | _aac z 000zy | ||
| 181 | 0 |
_ab3 _bxb2e |
|
| 181 | 0 |
_ai1 _baxxe |
|
| 182 | 0 | _an | |
| 200 | 1 |
_aПастели и акварели _e[альбом] _fЭдуард Антонов |
|
| 203 |
_aИзображение _aТекст _bвизуальные _cнепосредственные |
||
| 210 |
_a[Б. м. _cб. и. _d2010] |
||
| 215 |
_a62 с. _cцв. ил., портр. _d21х21 |
||
| 600 | 1 |
_aАнтонов _bЭ. Н. _f1930 - 2021 _gЭдуард Никандрович _jАльбомы _92231776 _3RU\NLR\AUTH\6601571897 |
|
| 686 | 1 | _aЩ153(2Р=Рус)7-8Антонов я61 | |
| 686 | 1 | _aЩ143(2Р=Рус)7-8Антонов я61 | |
| 700 | 1 |
_7ca _8rus _aАнтонов _bЭ. Н. _cхудожник _f1930-2021 _gЭдуард Никандрович _9244076 _3RU\NLR\AUTH\770244132 |
|
| 942 | _cBOOK | ||
| 980 | _aNB | ||